000 00316nam a22001337a 4500
008 170607b xxu||||| |||| 00| 0 eng d
020 _a9780312084127
041 _aeng
080 _a327
100 _a18
101 _aSHP
245 _aAT ISSUE POLITICS IN THE WORLD ARENA
_cSPIEGEL.S.L
942 _2udc
_cBK
999 _c16305
_d16305